| 000 | 00520nam a2200205 a 4500 | ||
|---|---|---|---|
| 001 | 21834 | ||
| 005 | 20180713215638.0 | ||
| 008 | 140415s1979 mx 000 0 spa d | ||
| 020 | _a9681308387 | ||
| 041 | _aspa | ||
| 082 |
_a306.89 _bGET |
||
| 100 | 1 | _aGETTLEMAN, SUSAN | |
| 245 | 1 | 3 | _aEL VALOR DE DIVORCIARSE |
| 250 | _a1a ed. | ||
| 260 |
_aMEXICO : _bDIANA, _c1979 |
||
| 300 | _a280 | ||
| 650 | 1 | 4 | _aDIVORCIO |
| 700 | 1 |
_aLOPEZ DE SARMIENTO, SYLVIA _etr. |
|
| 700 | 1 |
_aMARCOWITZ, JANET _ecoaut. |
|
| 999 |
_c21834 _d21834 |
||